Základný príjem ako záruka budúcnosti
Pravidelné vyplácanie základného príjmu každému človeku na uspokojovanie základných životných potrieb.
Saved in:
| Main Author: | |
|---|---|
| Format: | Book Chapter |
| Language: | Slovak |
| Subjects: | |
| Tags: |
No Tags, Be the first to tag this record!
|
MARC
| LEADER | 00000naa a2200000 4500 | ||
|---|---|---|---|
| 001 | 0216005 | ||
| 005 | 20231113083838.6 | ||
| 041 | 0 | |a slo | |
| 044 | |a SK | ||
| 245 | 1 | 0 | |a Základný príjem ako záruka budúcnosti |c Eduard Žitňanský |
| 520 | |a Pravidelné vyplácanie základného príjmu každému človeku na uspokojovanie základných životných potrieb. | ||
| 610 | 2 | 0 | |a príjmy obyvateľstva |
| 610 | 2 | 0 | |a občania |
| 610 | 2 | 0 | |a platby priame |
| 610 | 2 | 0 | |a štát |
| 100 | 1 | |a Žitňanský, Eduard | |